Style in Journalism : (Record no. 584057)

MARC details
000 -LEADER
fixed length control field 00483nam a2200193 a 4500
008 - FIXED-LENGTH DATA ELEMENTS--GENERAL INFORMATION
fixed length control field 250826s1998##################000#0#eng##
020 ## - INTERNATIONAL STANDARD BOOK NUMBER
ISBN 9788125010357
082 04 - DEWEY DECIMAL CLASSIFICATION NUMBER
Classification number 070
Item number NAR
100 1# - MAIN ENTRY--AUTHOR NAME
Personal name Rao, P. V. L. Narasimha,
245 10 - TITLE STATEMENT
Title Style in Journalism :
260 ## - PUBLICATION, DISTRIBUTION, ETC. (IMPRINT)
Name of publisher UN,
Year of publication 1998.
300 ## - PHYSICAL DESCRIPTION
Number of Pages 178 pages
650 #0 - SUBJECT ADDED ENTRY--TOPICAL TERM
Topical Term Journalism.
942 ## - ADDED ENTRY ELEMENTS (KOHA)
Koha item type English Books
Holdings
Withdrawn status Lost status Damaged status Not for loan Home library Current library Shelving location Date acquired Full call number Accession Number Price effective from Koha item type
        Anna Centenary Library Anna Centenary Library 3RD FLOOR, A WING 26.08.2025 070 NAR 450878 26.08.2025 English Books

Find us on the map